000 00439nam a2200169Ia 4500
008 230524s9999 xx 000 0 und d
020 _a9788131724156
082 _a537
_bRAO
100 _aNannapaneni Narayana Rao
245 0 _aFundamentals of Electromagnetics for Engineering
250 _aIST
260 _aNEW DELHI
_bPearson
_c2009
300 _aVIII;443
500 _aQuantity Number: 150
650 _aElectrical
942 _cBK
999 _c45755
_d45755